| 000 | 01007nam a2200337 a 4500 | ||
|---|---|---|---|
| 999 |
_c7451 _d7451 |
||
| 001 | 991014624759706706 | ||
| 003 | OSt | ||
| 005 | 20211130113048.0 | ||
| 008 | 021030s2002 sp o || 001 ||spa|c | ||
| 017 | _aDL M. 15129-2002 | ||
| 020 | _a8467001038 | ||
| 035 | _a(ES-BaCBU)b28593388-34csuc_network | ||
| 035 | _a(ES-BaCBU).b28593388 | ||
| 035 | _a(ccuc001)b28593388 | ||
| 035 | _a(OCoLC)807757943 | ||
| 040 |
_aES-BaCBU _bcat _cES-BaCBU _dCDMR |
||
| 080 | _a929Tubau, Iván | ||
| 080 | _a92:82 | ||
| 090 |
_aPQ6670.U33 _bZ88 2002 |
||
| 100 | 1 |
_aTubau, Iván _9494 |
|
| 245 | 1 | 0 |
_aMatar a Víctor Hugo : _bmemoria de periodista / _cIván Tubau |
| 260 |
_aMadrid : _bEspasa, _ccop. 2002 |
||
| 300 |
_a340 p., [16] p. de làm. : _bfot.; _c23 cm |
||
| 504 | _aÍndex | ||
| 600 | 1 | 0 |
_aTubau, Iván _9494 |
| 830 | 0 | _aEspasa hoy | |
| 907 |
_a.b28593388 _b22-06-21 _c08-05-08 _d30-10-02 _em _fa _g- _hspa _isp _j0 _k3 |
||
| 908 |
_aAHCB _aCDMAE _aUAB _aUPF _aUB |
||
| 940 |
_aCVA2 _dAHCB |
||
| 942 |
_2udc _cMON |
||